000 00480nam a22001817a 4500
003 LK-CoDNM
005 20250120111046.0
008 250120b |||||||| |||| 00| 0 eng d
040 _aLK-CoDNM
_dLK-CoDNM
_eLK-CoDNM
041 _aeng
080 _a11
_bT4
100 _aWernham,Herbert Fuller
245 _aA monograph of the Genus Sabice
260 _aLondon
_bOrder of the trustees of the british museum
300 _a80p : ill ; 21 cm
650 _aScience
942 _cBK
999 _c236957
_d236957